000 00571nam a2200193 i 4500
001 102338
003 ES-MaACL
005 20230906183104.0
007 t|
008 051108s1923 xxu ||||1| spa d
100 1 _aMercado, Julio.
_980435
245 1 0 _aDel camino
_b: poesías /
_cJulio Mercado; [prólogo de Federico de Onis].
260 _aNew York :
_b[s.n.],
_c1923 (
_fCarranza)
300 _a114 p. ;
_c19 cm.
700 1 _aOnís, Federico de,
_d1885-1966
_987087
852 _aES-MaACL
_jF-4624
852 _aES-MaACL
_jF-4906
999 _c102338
_d102338